Bulletproofing Web applications (E-Book) (Record no. 191256)

000 -LEADER
fixed length control field 01118 a2200277 4500
003 - CONTROL NUMBER IDENTIFIER
control field Nust
005 - DATE AND TIME OF LATEST TRANSACTION
control field 20170207154012.0
010 ## - LIBRARY OF CONGRESS CONTROL NUMBER
LC control number 2001092904
020 ## - INTERNATIONAL STANDARD BOOK NUMBER
International Standard Book Number 0764548662 (paperback : alk. paper)
040 ## - CATALOGING SOURCE
Transcribing agency Nust
082 00 - DEWEY DECIMAL CLASSIFICATION NUMBER
Classification number 005.2/76
100 1# - MAIN ENTRY--PERSONAL NAME
Personal name Kolawa, Adam.
245 10 - TITLE STATEMENT
Title Bulletproofing Web applications (E-Book)
Statement of responsibility, etc. Adam Kolawa, Wendell Hicken, and Cynthia Dunlop.
260 ## - PUBLICATION, DISTRIBUTION, ETC.
Place of publication, distribution, etc. New York, NY :
Name of publisher, distributor, etc. M&T Books,
Date of publication, distribution, etc. 2002.
300 ## - PHYSICAL DESCRIPTION
Extent xxiv, 545 p. :
Other physical details ill. ;
Dimensions 24 cm. +
Accompanying material 1 CD-ROM (4 3/4 in.)
505 ## - FORMATTED CONTENTS NOTE
Formatted contents note Part I - Getting Started Part II - Bulletproofing Practices Part III - Other Technologies
650 #0 - SUBJECT ADDED ENTRY--TOPICAL TERM
Topical term or geographic name entry element Application software
General subdivision Development.
650 #0 - SUBJECT ADDED ENTRY--TOPICAL TERM
Topical term or geographic name entry element Internet programming.
650 #0 - SUBJECT ADDED ENTRY--TOPICAL TERM
Topical term or geographic name entry element Web site development.
651 ## - SUBJECT ADDED ENTRY--GEOGRAPHIC NAME
Geographic name (E-Book)
700 1# - ADDED ENTRY--PERSONAL NAME
Personal name Dunlop, Cynthia.
700 1# - ADDED ENTRY--PERSONAL NAME
Personal name Hicken, Wendell.
856 41 - ELECTRONIC LOCATION AND ACCESS
Materials specified Contributor biographical information
Uniform Resource Identifier <a href="http://www.loc.gov/catdir/enhancements/fy0706/2001092904-b.html">http://www.loc.gov/catdir/enhancements/fy0706/2001092904-b.html</a>
856 41 - ELECTRONIC LOCATION AND ACCESS
Materials specified Publisher description
Uniform Resource Identifier <a href="http://www.loc.gov/catdir/enhancements/fy0706/2001092904-d.html">http://www.loc.gov/catdir/enhancements/fy0706/2001092904-d.html</a>
856 41 - ELECTRONIC LOCATION AND ACCESS
Materials specified Table of contents
Uniform Resource Identifier <a href="http://www.loc.gov/catdir/toc/wiley022/2001092904.html">http://www.loc.gov/catdir/toc/wiley022/2001092904.html</a>
942 ## - ADDED ENTRY ELEMENTS (KOHA)
Source of classification or shelving scheme
Koha item type Book
Holdings
Withdrawn status Lost status Source of classification or shelving scheme Damaged status Not for loan Collection code Permanent Location Current Location Date acquired Total Checkouts Barcode Date last seen Price effective from Koha item type
            Military College of Signals (MCS) Military College of Signals (MCS) 12/12/2016   MCSEB-342 12/08/2016 12/12/2016 Book
© 2023 Central Library, National University of Sciences and Technology. All Rights Reserved.